Las sibilantes en la romania /
Guardado en:
| Autor Principal: | |
|---|---|
| Formato: | Libro |
| Publicado: |
Madrid :
Gredos,
1962
|
| Materias: | |
| Etiquetas: |
Agregar Etiqueta
Sin Etiquetas, Sea el primero en etiquetar este registro!
|
| LEADER | 00516nam a22001695a 4500 | ||
|---|---|---|---|
| 001 | EHU.bham041804 | ||
| 003 | AR-BHAM | ||
| 005 | 20121105134701.0 | ||
| 008 | 130507s1962##################000#0#####d | ||
| 082 | 4 | 6 | |a 467.9 |
| 100 | 1 | |a Galmes de Fuentes, Alvaro | |
| 245 | 1 | 0 | |a Las sibilantes en la romania / |c Alvaro Galmes De Fuentes |
| 260 | |a Madrid : |b Gredos, |c 1962 | ||
| 300 | |a 224 p. | ||
| 653 | |a Lingüística románica-sibilantes | ||
| 653 | |a Fonología | ||
| 859 | |a AR-BHAM |b BIB. HUMANIDADES - General |h 467.9 |i G145-1 |p 274.10 |t Ej.1 | ||
